000
00374nam a2200145Ia 4500
008
231129s2013||||xx |||||||||||||| ||spa||
020
_a
84-8432-661-6
040
_b
spa
082
_a
940.28 H684e
100
_a
Hobsbawm Eric
245
0
_a
La era del imperio 1875-1914
260
_c
2013
264
_a
Crítica
942
_2
ddc
_c
BKS
999
_c
16994
_d
16994